| 000 | 00903nas a2200289 4500 | ||
|---|---|---|---|
| 001 | BR2013002735 | ||
| 003 | BR-BrBNA | ||
| 005 | 20231205122201.0 | ||
| 007 | ta | ||
| 008 | 230509b bl.|||p| |||| 00| 00por d | ||
| 040 |
_aBR-BrBNA _bpor _cBiblioteca Nacional de Agricultura |
||
| 041 | _a(Pt) | ||
| 072 | _aM11; L53 | ||
| 100 | 1 | _aPina, J.V. de | |
| 100 | 1 | _aChaves, P. de T. | |
| 245 | 1 | _aIncidência da pesca de arrasto camaroeiro sobre peixes em atividade reprodutiva: uma avaliação no litoral norte de Santa Catarina, Brasil | |
| 650 | _aCAPTURA | ||
| 650 | _aPEIXE | ||
| 650 | _aCAMARÃO | ||
| 650 | _aPESCA MARINHA | ||
| 650 | _aREDE DE ARRASTO | ||
| 650 | _aREPRODUÇÃO ANIMAL | ||
| 650 | _aICTIOLOGIA | ||
| 773 | 0 |
_tAtlântica (Brazil) _xISSN 0102-1656 _g(Jan-Jun 2009), v. 31(1) p. 99-106 _wBR2013002735 |
|
| 909 |
_a202311 _bLúcia _c55 _dLúcia Elande |
||
| 942 |
_2AGRIS _n0 _cANA |
||
| 999 |
_c227341 _d227341 |
||